Chuyện lạ bốn phương bí ẩn trong tháp chuông
Saved in:
| Main Author: | |
|---|---|
| Format: | Book |
| Language: | Undetermined |
| Published: |
Hà Nội
Văn Học
2004
|
| Subjects: | |
| Tags: |
Add Tag
No Tags, Be the first to tag this record!
|
| Institutions: | Trung tâm Học liệu Trường Đại học Cần Thơ |
|---|
| LEADER | 00590nam a2200193Ia 4500 | ||
|---|---|---|---|
| 001 | CTU_73955 | ||
| 008 | 210402s9999 xx 000 0 und d | ||
| 020 | |b 37000 | ||
| 082 | |a 833.01 | ||
| 082 | |b H674 | ||
| 100 | |a Hitchcock, Alfred | ||
| 245 | 0 | |a Chuyện lạ bốn phương bí ẩn trong tháp chuông | |
| 245 | 0 | |c Alfred Hitchcock ; Kim Lương (dịch) | |
| 260 | |a Hà Nội | ||
| 260 | |b Văn Học | ||
| 260 | |c 2004 | ||
| 650 | |a German fiction,Short stories, german | ||
| 904 | |i Mai Loan, Qhieu | ||
| 980 | |a Trung tâm Học liệu Trường Đại học Cần Thơ | ||